| 000 | 00805cam a22002657a 4500 | ||
|---|---|---|---|
| 003 | CHAP | ||
| 005 | 20220329135524.0 | ||
| 008 | 971013s r 00010 d | ||
| 010 | _a38002 | ||
| 011 | _a38974 | ||
| 035 | _a43094 | ||
| 040 | _cCHAP | ||
| 090 | _aR-326 | ||
| 100 | 0 | 0 |
_aMillis, D. H. _975825 |
| 245 | 1 | 2 | _aA study of trout and young salmon populations in forest streams with a view to management |
| 500 | _aSobretiro de: Forestry supplement pp. 85-90 | ||
| 590 |
_aBATCH-UPD _b10 _c20130110 _lUCH01 _h1454 |
||
| 590 |
_aBATCH-UPD _b10 _c20130410 _lUCH01 _h0919 |
||
| 590 |
_aBATCH-UPD _b10 _c20130914 _lUCH01 _h1819 |
||
| 590 |
_aCONVERSION _b10 _c20130109 _lUCH01 _h1321 |
||
| 650 | 1 | 4 |
_aSalmón. _9101769 |
| 901 | _aBK | ||
| 942 | _cREIMP | ||
| 949 |
_aR-326 _bBC _cR _d-98966 _eTS1 _i43094 _si |
||
| 999 |
_c38002 _d38002 |
||